|
|
|
|
| LEADER |
00595cam a2200193ua 4500 |
| 008 |
060815t1965||||||||||| 00 ||eng c |
| 020 |
|
|
|a 81-85986-01-0
|
| 041 |
0 |
|
|a eng
|
| 082 |
|
|
|a In 823.9
|b NAR/B
|
| 245 |
1 |
0 |
|a The bachelor of arts /
|
| 260 |
|
|
|a Mysore:
|b Indian thought publication,
|c 1965.
|
| 300 |
|
|
|a 166p..
|
| 362 |
1 |
|
|a 1965.
|
| 365 |
|
|
|a Rs.50/-
|e pb.
|
| 650 |
0 |
|
|a Indian English literature
|
| 700 |
0 |
2 |
|a Narayan,, R.K
|
| 942 |
|
|
|c BK
|
| 999 |
|
|
|c 7347
|d 7347
|
| 952 |
|
|
|0 0
|1 0
|4 0
|6 IN_823_900000000000000_NART
|7 0
|9 7692
|a KUCL
|b KUCL
|d 2014-05-23
|l 3
|m 2
|o In 823.9 NAR/T
|p 00597
|r 2017-08-05
|s 2017-06-24
|y BK
|